| 000 | 00662nam a2200193 a 4500 | ||
|---|---|---|---|
| 001 | 000032365 | ||
| 005 | 20240412074256.0 | ||
| 008 | 110714s1993 dr r 000 p spa d | ||
| 040 |
_aDO-SdBNP _bspa _cBNPHU |
||
| 082 |
_aRD861.44 _bM491c |
||
| 100 | 1 |
_aMedina, Oquendo, _d1955- _914493 |
|
| 245 | 1 | 0 |
_aConversaciones con Pedro y otros poemas / _cOquendo Medina, prólogo José Emilio González. |
| 260 |
_aSanto Domingo : _bCírculo Gráfico Creativo, _c1993. |
||
| 300 |
_a141 p. ; _c23 cm. |
||
| 650 | 0 |
_aPoesía dominicana _966 |
|
| 650 | 0 |
_aLiteratura dominicana. _967 |
|
| 700 | 1 | 2 |
_aGonzález, José Emilio _93523 |
| 910 | _aValidado. Control de calidad. MFF | ||
| 999 |
_c31856 _d31856 |
||